000 00323nam a22001217a 4500
008 230621b xxu||||| |||| 00| 0 eng d
082 _a328.30
_bIPC
100 _cInter Parliamentary Union
245 _a93rd Inter-Parliamentary Conference
_bSummary Record
260 _aGeneva
_bIPU
_c1995
300 _a332p
942 _2ddc
_cBK
999 _c2092
_d2092